000 00780nam a22003017a 4500
005 20240716084543.0
008 150504b2000 cr ||||| |||| 00| 0 eng d
020 _a9977124183
041 _aING
082 _a582.16 H114a
100 _aHaber, William A.
100 _aZuchowski, Willow
_915408
100 _aBello, Erick
245 _aAn introduction to cloud forest trees: Monteverde, Costa Rica
250 _a2 edición
260 _aCosta Rica
260 _bMountain Gem Publications
260 _c2000
300 _a208 páginas
505 _aContiene ilustraciones
650 _aBOSQUES
650 _aÁRBOLES
650 _aBOSQUES NUBOSOS
650 _aRESERVAS BIOLÓGICAS
650 _aBOSQUE NUBOSO MONTEVERDE
942 _cBK
_2ddc
999 _c5121
_d5121